000 00751nas a2200241 4500
001 BR2014001876
003 BR-BrBNA
005 20231205123829.0
007 ta
008 230509b bl.|||p| |||| 00| 00por d
040 _aBR-BrBNA
_bpor
_cBiblioteca Nacional de Agricultura
041 _a(En)
072 _aL60
100 1 _aTrivinho-Strixino, S.
100 1 _aStrixino, G.
245 1 _aTwo new species of Goeldichironomus Fitkau from southeast Brazil (Diptera, Chironomidae)
650 _aMOSQUITO
650 _aTAXONOMIA
650 _aLARVA
773 0 _tRevista Brasileira de Entomologia (Brazil)
_xISSN 0085-5626
_g(Oct-Dec 2005), v. 49(4) p. 441-445
_wBR2014001876
909 _a202311
_bLúcia
_c55
_dLúcia Elande
942 _2AGRIS
_n0
_cANA
999 _c235922
_d235922